Collective security under united nations: Retrospect and prospects (Record no. 121263)

MARC details
000 -LEADER
fixed length control field 00407nam a2200145Ia 4500
008 - FIXED-LENGTH DATA ELEMENTS--GENERAL INFORMATION
fixed length control field 230917s9999||||xx |||||||||||||| ||und||
040 ## - CATALOGING SOURCE
-- 106939
Original cataloging agency VIVEKANANDA LIBRARY
041 ## - Language
-- English
082 ## - DDC NUMBER
Classification number 327.116 D962C
100 ## - MAIN ENTRY--PERSONAL NAME
Personal name Dwivedi, Dhirendra
245 #0 - TITLE STATEMENT
Title Collective security under united nations: Retrospect and prospects
260 ## - PUBLICATION, DISTRIBUTION, ETC. (IMPRINT)
Place of publication, distribution, etc New Delhi
Name of publisher, distributor, etc Kanishka Publishers
Date of publication, distribution, etc 2005
300 ## - PHYSICAL DESCRIPTION
Pages 383p p.
942 ## - ADDED ENTRY ELEMENTS (KOHA)
Koha item type Books
Holdings
Withdrawn status Lost status Damaged status Not for loan Location (home branch) Sublocation or collection (holding branch) Date acquired Koha issues (times borrowed) Koha full call number Accession No. Koha date last seen Koha item type
        VIVEKANANDA LIBRARY VIVEKANANDA LIBRARY 30/06/2005   327.116 D962C 214320 17/09/2023 Books
        VIVEKANANDA LIBRARY VIVEKANANDA LIBRARY 30/06/2005   327.116 D962C 219362 17/09/2023 Books
© Designed and Maintained by Vivekananda Library, MDU Rohtak